000 00667nam a2200217 u 4500
005 20240228063906.0
008 071009s2006 es r 000 0 spa d
020 _a8498010853
035 _aUPN01000152740
049 _aI
050 4 _aPZ76.3
_bK7.66
100 1 _aKrings, Antoon,
_d1962-
_930389
245 1 0 _aPollito Benito /
_cAntoon Krings ; tr. David Cáceres González.
260 _aBarcelona, Esp. :
_bBlume,
_c2006.
300 _a[24] p. :
_bil. col.
440 0 _aBichitos curiosos
534 _pTítulo original:
_tAntonin le poussin
650 0 _aAnimales
_vCuentos y leyendas
_9234
650 4 _aLibros y lectura para niños
_92290
905 _aLibro
999 _c124863
_d124863